Normal view
MARC view
- كرة السلة - رياضة
Entry Topical Term
001 - CONTROL NUMBER
- control field: 13415
003 - CONTROL NUMBER IDENTIFIER
- control field: JO-AjAnu
005 - DATE AND TIME OF LATEST TRANSACTION
- control field: 20230606072439.0
008 - FIXED-LENGTH DATA ELEMENTS
- fixed length control field: 230606|| aca||aabn | a|a d
040 ## - CATALOGING SOURCE
- Original cataloging agency: JO-AjAnu
- Transcribing agency: JO-AjAnu
150 ## - HEADING--TOPICAL TERM
- Topical term or geographic name entry element: كرة السلة - رياضة
670 ## - SOURCE DATA FOUND
- Source citation: Work cat.: (JO-AjAnu)6902: تاليف حمودات، فائز بشير، م.مشارك جاسم، مؤيد عبدالله, author 13414, كرة السلة